Seminario en ln̕ea en espaǫl. Mercurio en la minera̕ de oro

Saved in:
书目详细资料
其他作者: Lumex Instruments - Analytical Equipment, YouTube
格式: 图书
语言:西班牙语
主题:
在线阅读:Seminario en ln̕ea en espaǫl. Mercurio en la minera̕ de oro
标签: 添加标签
没有标签, 成为第一个标记此记录!

MARC

LEADER 00000nam a22000004a 4500
001 vpro14172
005 20201223000000.0
008 181031s2018 ck # g## #001 0#spa#d
020
022
040 |a CO-BoINGC 
041 0 |a spa 
245 1 0 |a Seminario en ln̕ea en espaǫl. Mercurio en la minera̕ de oro 
246 |a Webinar in Spanish: Mercury in Gold Mining 
264 |a Bogot ̀(Colombia) :  |b Revista VirtualPRO,  |c 2018 
520 3
650 \ \ |a Industria minera 
650 \ \ |a Mining industry and finance 
650 \ \ |a minera̕ 
650 \ \ |a medio ambiente 
650 \ \ |a impacto social 
650 \ \ |a salud humana 
650 \ \ |a mining 
650 \ \ |a environment 
650 \ \ |a social impact 
650 \ \ |a human health  
700 \ \ |a Lumex Instruments - Analytical Equipment  
700 \ \ |a YouTube 
856 |z Seminario en ln̕ea en espaǫl. Mercurio en la minera̕ de oro  |u https://virtualpro.unach.elogim.com/biblioteca/seminario-en-linea-en-espanol-mercurio-en-la-mineria-de-oro